000 00297nam a2200121Ia 4500
008 220204s9999 xx 000 0 und d
082 _a312(540)
_bAGA
100 _aAgarwal, S N
245 0 _aIndia's population problems
250 _aEd.2
260 _aDelhi
_bTata Mcgraw Hill
_c1977
942 _cBK
999 _c29211
_d29211